| 000 | 00485nam a2200181Ia 4500 | ||
|---|---|---|---|
| 005 | 20250508154741.0 | ||
| 008 | 008 250505s9999 xx 000 0 eng d | ||
| 037 | _aTextual | ||
| 040 |
_aFEDL _beng _cFEDL |
||
| 041 |
_aeng _2eng |
||
| 084 |
_a351.71, PEA _qFEDL |
||
| 100 |
_aPeacock Alan T. Ed. _9123691 |
||
| 245 | 0 | _aGovernment finance and economic development | |
| 260 | _c1963 | ||
| 300 | _a314p. | ||
| 942 |
_cTEXL _h351.71, PEA |
||
| 999 |
_c1351953 _d1351953 |
||